Textbook of cardiovascular medicine (Record no. 32865)

MARC details
000 -LEADER
fixed length control field 00717nam a2200181 a 4500
008 - FIXED-LENGTH DATA ELEMENTS--GENERAL INFORMATION
fixed length control field 110909s1998 ||||||||||||||||| || u
020 ## - INTERNATIONAL STANDARD BOOK NUMBER
International Standard Book Number 0781715962
050 ## - LIBRARY OF CONGRESS CALL NUMBER
Classification number RC 667 Tex
100 ## - MAIN ENTRY--PERSONAL NAME
Personal name Topol, Eric J., 1954-
245 10 - TITLE STATEMENT
Title Textbook of cardiovascular medicine
Statement of responsibility, etc. [edited by] Eric J. Topol
260 ## - PUBLICATION, DISTRIBUTION, ETC.
Place of publication, distribution, etc. Philadelphia, PA
Name of publisher, distributor, etc. Lippincott Williams and Wilkins
Date of publication, distribution, etc. 1998
300 ## - PHYSICAL DESCRIPTION
Extent xxvii, 2732p.: ill.
350 ## -
-- 0.00
650 ## - SUBJECT ADDED ENTRY--TOPICAL TERM
Topical term or geographic name entry element CARDIOLOGY
650 ## - SUBJECT ADDED ENTRY--TOPICAL TERM
Topical term or geographic name entry element CARDIOVASCULAR SYSTEM--DISEASES
650 ## - SUBJECT ADDED ENTRY--TOPICAL TERM
Topical term or geographic name entry element CARDIOVASCULAR DISEASES
995 ## -
-- MEDICAL LIBRARY OPEN ACCESS
-- 0.00
-- 900175
-- CBU-SCHOOL OF MEDICINE LIBRARY (Ndola)
-- 1
-- 0.00
-- RC 667 TEX
-- 1
-- AVAILABLE
-- Nov 2, 2011
-- 900175
-- Medical Library Open Access Collection
999 ## -
-- 32865
-- 32865
Holdings
Withdrawn status Lost status Source of classification or shelving scheme Damaged status Not for loan Permanent Location Current Location Shelving location Date acquired Total Checkouts Full call number Barcode Date last seen Price effective from Koha item type
          CBU-SCHOOL OF MEDICINE LIBRARY, NDOLA. CBU-SCHOOL OF MEDICINE LIBRARY, NDOLA.   11/30/2022   RC 667 Tex 900175 11/30/2022 11/30/2022 MONOGRAPH